Largest European Cities on a Map by Letter - P - Statistics

General Stats
  • This quiz has been taken 329 times
  • The average score is 15 of 30
Answers on the Map
Answers color-coded by a green-red scale on the quiz's map according to % correct below.
 
Answer Stats
Pop. City % Correct
2.19m Paris
99%
670k Palermo
94%
218k Porto
93%
1.30m Prague
93%
411k Palma
84%
246k Plymouth
79%
141k Pristina
78%
166k Podgorica
77%
253k Portsmouth
75%
199k Parma
62%
346k Plovdiv
62%
536k Poznań
62%
179k Potsdam
60%
211k Padua
59%
200k Pamplona
58%
196k Patras
45%
171k Plzeň
42%
180k Peterborough
39%
166k Perugia
32%
150k Paderborn
29%
142k Pécs
29%
212k Pskov
26%
195k Prato
25%
288k Poltava
23%
161k Poole
23%
193k Ploiești
19%
139k Pinsk
15%
146k Pitești
15%
282k Petrozavodsk
14%
309k Podolsk
8%
No matching quizzes found
Score Distribution
Percent of People with Each Score
Percentile by Number Answered
Your Score History
You have not taken this quiz